000 01544nam a2200349 a 4500
001 ebr10719138
003 CaPaEBR
006 m o u
007 cr cn|||||||||
008 130620t20102005enka sb 001 0 eng d
020 _z9781861564825
020 _z9781118713341 (e-book)
040 _aCaPaEBR
_cCaPaEBR
050 1 4 _aRJ496.S7
_b.D54 2010eb
082 0 4 _a618.92855075
_222
245 0 0 _aDifferential diagnosis and treatment of children with speech disorder
_h[electronic resource]
_cedited by Barbara Dodd.
250 _a2nd ed.
260 _aLondon ;
_aPhiladelphia, Pa. :
_bWhurr Publishers,
_c2010, c2005.
300 _a1 online resource (xiv, 353 p.) :
_bill.
504 _aIncludes bibliographical references and index.
533 _aElectronic reproduction.
_bPalo Alto, Calif. :
_cebrary,
_d2013.
_nAvailable via World Wide Web.
_nAccess may be limited to ebrary affiliated libraries.
588 _aDescription based on online resource; title from title page (ebrary, viewed June 20, 2013).
650 0 _aSpeech disorders in children
_xDiagnosis.
650 0 _aSpeech disorders in children
_xDiagnosis, Differential.
650 0 _aLanguage disorders in children
_xDiagnosis.
650 0 _aLanguage disorders in children
_xDiagnosis, Differential.
655 7 _aElectronic books.
_2local
700 1 _aDodd, Barbara.
710 2 _aebrary, Inc.
856 4 0 _uhttp://site.ebrary.com/lib/rucke/Doc?id=10719138
_zAn electronic book accessible through the World Wide Web; click to view
922 _aInnodata Copy DDC
999 _c28150
_d28150